<?xml version="1.0" encoding="UTF-8"?>
<record
    xmlns:xsi="http://www.w3.org/2001/XMLSchema-instance"
    xsi:schemaLocation="http://www.loc.gov/MARC21/slim http://www.loc.gov/standards/marcxml/schema/MARC21slim.xsd"
    xmlns="http://www.loc.gov/MARC21/slim">

  <leader>01318nam a22002777a 4500</leader>
  <controlfield tag="003">OSt</controlfield>
  <controlfield tag="005">20250122110933.0</controlfield>
  <controlfield tag="008">210325b     2020 dr ac  00| 0 eng d</controlfield>
  <datafield tag="020" ind1=" " ind2=" ">
    <subfield code="a">9789945880243</subfield>
  </datafield>
  <datafield tag="040" ind1=" " ind2=" ">
    <subfield code="c">BNPHU</subfield>
    <subfield code="b">spa</subfield>
    <subfield code="a">DO-SdBNP</subfield>
  </datafield>
  <datafield tag="082" ind1=" " ind2="4">
    <subfield code="2">22</subfield>
    <subfield code="a">320.97293</subfield>
    <subfield code="b">B622m</subfield>
  </datafield>
  <datafield tag="100" ind1=" " ind2=" ">
    <subfield code="a">Bison&#xF3; Haza, V&#xED;ctor O.,</subfield>
    <subfield code="d">1963-</subfield>
    <subfield code="9">55852</subfield>
  </datafield>
  <datafield tag="245" ind1="1" ind2="0">
    <subfield code="a">Ito Bison&#xF3;- mis escritos : </subfield>
    <subfield code="b">reflexiones de un pol&#xED;tico /</subfield>
    <subfield code="c">V&#xED;ctor Orlando Bison&#xF3; Haza. ; edici&#xF3;n, Jos&#xE9; Rafael Mata.</subfield>
  </datafield>
  <datafield tag="260" ind1=" " ind2=" ">
    <subfield code="a">Santo Domingo : </subfield>
    <subfield code="b">Serigraf, </subfield>
    <subfield code="c">2020.</subfield>
  </datafield>
  <datafield tag="300" ind1=" " ind2=" ">
    <subfield code="a">195 p. : </subfield>
    <subfield code="b">il., retrs. ; </subfield>
    <subfield code="c">23 cm. </subfield>
  </datafield>
  <datafield tag="500" ind1=" " ind2=" ">
    <subfield code="a">Incluye datos biogr&#xE1;ficos del autor en la solapa de la contracubierta.</subfield>
  </datafield>
  <datafield tag="500" ind1=" " ind2=" ">
    <subfield code="a">La biblioteca posee 1 ejemplar autografiado por el autor.</subfield>
  </datafield>
  <datafield tag="505" ind1=" " ind2=" ">
    <subfield code="g">Cap&#xED;tulo 1</subfield>
    <subfield code="t">Anhelos ciudadanos --</subfield>
    <subfield code="g">Cap&#xED;tulo 2</subfield>
    <subfield code="t">Defensa territorial --</subfield>
    <subfield code="g">Cap&#xED;tulo 3</subfield>
    <subfield code="t">Ejemplos a seguir --</subfield>
    <subfield code="g">Cap&#xED;tulo 4</subfield>
    <subfield code="t">Mirada interior --</subfield>
    <subfield code="g">Cap&#xED;tulo 5</subfield>
    <subfield code="t">Visi&#xF3;n de  futuro --</subfield>
  </datafield>
  <datafield tag="590" ind1=" " ind2=" ">
    <subfield code="a">Inventariado, 2021 /LP</subfield>
  </datafield>
  <datafield tag="590" ind1=" " ind2=" ">
    <subfield code="a">La biblioteca posee 1 ejemplar autografiado por el autor.</subfield>
  </datafield>
  <datafield tag="600" ind1=" " ind2="0">
    <subfield code="a">Bison&#xF3; Haza, V&#xED;ctor O.,</subfield>
    <subfield code="d">1963-</subfield>
    <subfield code="x">Pensamiento pol&#xED;tico </subfield>
    <subfield code="9">55852</subfield>
  </datafield>
  <datafield tag="651" ind1=" " ind2="4">
    <subfield code="a">Rep&#xFA;blica  Dominicana</subfield>
    <subfield code="x">Pol&#xED;tica y gobierno</subfield>
    <subfield code="v">Ensayos, conferencias etc.</subfield>
    <subfield code="9">205</subfield>
  </datafield>
  <datafield tag="700" ind1="1" ind2=" ">
    <subfield code="a">Mata, Jos&#xE9; Rafael,</subfield>
    <subfield code="e">edici&#xF3;n</subfield>
    <subfield code="9">78284</subfield>
  </datafield>
  <datafield tag="910" ind1=" " ind2=" ">
    <subfield code="a">Validado. Control de calidad MFF</subfield>
  </datafield>
  <datafield tag="942" ind1=" " ind2=" ">
    <subfield code="2">ddc</subfield>
    <subfield code="c">LBS1</subfield>
  </datafield>
  <datafield tag="952" ind1=" " ind2=" ">
    <subfield code="0">0</subfield>
    <subfield code="1">0</subfield>
    <subfield code="2">ddc</subfield>
    <subfield code="5">1</subfield>
    <subfield code="7">1</subfield>
    <subfield code="8">MO</subfield>
    <subfield code="a">BNPHU</subfield>
    <subfield code="b">PD</subfield>
    <subfield code="c">HD</subfield>
    <subfield code="d">2021-03-25</subfield>
    <subfield code="e">Dep&#xF3;sito Legal </subfield>
    <subfield code="l">0</subfield>
    <subfield code="o">BNPHU PD 320.97293 B622m</subfield>
    <subfield code="p">2021-1235</subfield>
    <subfield code="r">2021-03-25</subfield>
    <subfield code="w">2021-03-25</subfield>
    <subfield code="y">LBS1</subfield>
  </datafield>
  <datafield tag="952" ind1=" " ind2=" ">
    <subfield code="0">0</subfield>
    <subfield code="1">0</subfield>
    <subfield code="2">ddc</subfield>
    <subfield code="5">1</subfield>
    <subfield code="7">2</subfield>
    <subfield code="8">MO</subfield>
    <subfield code="a">BNPHU</subfield>
    <subfield code="b">PD</subfield>
    <subfield code="c">HD</subfield>
    <subfield code="d">2021-03-25</subfield>
    <subfield code="e">Dep&#xF3;sito Legal </subfield>
    <subfield code="l">0</subfield>
    <subfield code="o">BNPHU PD 320.97293 B622m</subfield>
    <subfield code="p">2021-1236</subfield>
    <subfield code="r">2021-03-25</subfield>
    <subfield code="t">e.2</subfield>
    <subfield code="w">2021-03-25</subfield>
    <subfield code="y">LBS1</subfield>
  </datafield>
  <datafield tag="952" ind1=" " ind2=" ">
    <subfield code="0">0</subfield>
    <subfield code="1">0</subfield>
    <subfield code="2">ddc</subfield>
    <subfield code="5">6</subfield>
    <subfield code="7">0</subfield>
    <subfield code="8">MO</subfield>
    <subfield code="a">BNPHU</subfield>
    <subfield code="b">GR</subfield>
    <subfield code="c">HD</subfield>
    <subfield code="d">2021-03-25</subfield>
    <subfield code="e">Dep&#xF3;sito Legal </subfield>
    <subfield code="l">0</subfield>
    <subfield code="o">BNPHU DS 320.97293 B622m</subfield>
    <subfield code="p">2021-1237</subfield>
    <subfield code="r">2021-03-25</subfield>
    <subfield code="t">e.3</subfield>
    <subfield code="w">2021-03-25</subfield>
    <subfield code="y">LBS1</subfield>
  </datafield>
  <datafield tag="999" ind1=" " ind2=" ">
    <subfield code="c">49686</subfield>
    <subfield code="d">49686</subfield>
  </datafield>
</record>
